| 000 | 00538nam a22002057a 4500 | ||
|---|---|---|---|
| 001 | 00028589 | ||
| 005 | 20260318123610.0 | ||
| 008 | 260318b ag ||||| |||| 00| 0 spa d | ||
| 020 | _a9789506025854 | ||
| 040 |
_bspa _cAR-CcCEOS |
||
| 080 | _a150.195 | ||
| 090 | _bRAI | ||
| 100 | 1 |
_aRaimbault, Ginette, _d1924- _9920 |
|
| 245 |
_aHablemos del duelo / _cGinette Raimbault |
||
| 250 | _a1ª ed. | ||
| 260 |
_aBuenos Aires : _bNueva Visión, _c2008. |
||
| 300 |
_a128 p. ; _c24x15 cm. |
||
| 650 | 0 | _apsicoanálisis | |
| 942 |
_2udc _cBK |
||
| 999 |
_c28619 _d28619 |
||
| 945 |
_a66467 _bMelina Rolando _c66467 _dMelina Rolando |
||